Reading architectural plans for residential and commercial construction. (3rd ed.) (Record no. 55643)

MARC details
000 -LEADER
fixed length control field 00637nam a2200169 a 4500
008 - FIXED-LENGTH DATA ELEMENTS--GENERAL INFORMATION
fixed length control field 120416s1989 ||||||||||||||||| || u
020 ## - INTERNATIONAL STANDARD BOOK NUMBER
International Standard Book Number 0205118909
050 ## - LIBRARY OF CONGRESS CALL NUMBER
Classification number NA 7115 Wei
100 ## - MAIN ENTRY--PERSONAL NAME
Personal name Weidhaas, Ernest R
245 10 - TITLE STATEMENT
Title Reading architectural plans for residential and commercial construction. (3rd ed.)
250 ## - EDITION STATEMENT
Edition statement 3rd ed.
260 ## - PUBLICATION, DISTRIBUTION, ETC.
Place of publication, distribution, etc. Boston:
Name of publisher, distributor, etc. Allyn and Bacon
Date of publication, distribution, etc. 1989
300 ## - PHYSICAL DESCRIPTION
Extent xi, 241p. : ill.
350 ## - PRICE (NR) (BK AM CF MU VM SE) [OBSOLETE]
Price 0.00
650 ## - SUBJECT ADDED ENTRY--TOPICAL TERM
Topical term or geographic name entry element COMMERCIAL BUILDINGS--DESIGN AND PLANS
995 ## - RECOMMENDATION 995 [LOCAL, UNIMARC FRANCE]
-- 0.00
-- CBU-MAIN LIBRARY (Kitwe)
-- 1
-- 50.30
-- AVAILABLE
-- Main Library Open Access Collection
Holdings
Withdrawn status Lost status Source of classification or shelving scheme Damaged status Not for loan Home library Current library Shelving location Date acquired Total Checkouts Full call number Barcode Date last seen Price effective from Koha item type
          CBU-MAIN LIBRARY, KITWE. CBU-MAIN LIBRARY, KITWE.   11/30/2022   NA 7115 Wei 019164 11/30/2022 11/30/2022 MONOGRAPH